Statistics for David Bowie songs

Click here to take the quiz!

General Stats

  • This quiz has been taken 228 times
  • The average score is 49 of 264

Answer Stats

Album Track % Correct
Space OdditySpace Oddity
90%
HeroesHeroes
85%
Let's DanceLet's Dance
84%
The Rise and Fall of Ziggy Stardust and the Spiders from MarsZiggy Stardust
83%
The Rise and Fall of Ziggy Stardust and the Spiders from MarsStar
78%
Hunky DoryLife On Mars?
76%
The Man Who Sold the WorldThe Man Who Sold The World
76%
The Rise and Fall of Ziggy Stardust and the Spiders from MarsStarman
75%
Hunky DoryChanges
73%
Young AmericansYoung Americans
69%
BlackstarBlackstar
66%
Scary Monsters and Super CreepsAshes to Ashes
65%
Diamond DogsDiamond Dogs
65%
Let's DanceChina Girl
63%
The Rise and Fall of Ziggy Stardust and the Spiders from MarsLady Stardust
60%
The Rise and Fall of Ziggy Stardust and the Spiders from MarsFive Years
57%
The Rise and Fall of Ziggy Stardust and the Spiders from MarsRock n Roll Suicide
56%
Let's DanceModern Love
56%
Young AmericansFame
56%
Diamond DogsRebel Rebel
55%
The Rise and Fall of Ziggy Stardust and the Spiders from MarsSuffragette City
54%
The Rise and Fall of Ziggy Stardust and the Spiders from MarsMoonage Daydream
51%
Station to StationStation to Station
51%
Hunky DoryOh! You Pretty Things
50%
Hunky DoryQueen B
49%
BlackstarLazarus
48%
Station to StationGolden Years
48%
Never Let Me DownNever Let Me Down
47%
Scary Monsters and Super CreepsFashion
46%
LowSound and Vision
46%
TonightTonight
45%
Scary Monsters and Super CreepsScary Monsters (And Super Creeps)
45%
The Next DayThe Next Day
44%
Station to StationTVC15
39%
Hunky DoryAndy Warhol
39%
The Next DayHeat
39%
Hunky DoryKooks
38%
HeroesBeauty and the Beast
38%
The Rise and Fall of Ziggy Stardust and the Spiders from MarsSoul Love
37%
Diamond Dogs1984
36%
Hunky DoryQuicksand
35%
OutsideOutside
35%
RealityReality
35%
Aladdin SaneThe Jean Genie
34%
Station to StationWild Is the Wind
34%
HeroesJoe the Lion
33%
Aladdin SaneTime
33%
Aladdin SaneDrive-In Saturday
31%
Station to StationStay
31%
The Rise and Fall of Ziggy Stardust and the Spiders from MarsIt Ain't Easy
31%
The Rise and Fall of Ziggy Stardust and the Spiders from MarsHang On To Yourself
29%
TonightBlue Jean
29%
Aladdin SaneWatch That Man
29%
Aladdin SaneLady Grinning Soul
29%
Aladdin SanePanic in Detroit
29%
LowBe My Wife
28%
Pin UpsSorrow
28%
EarthlingI'm Afraid of Americans
28%
BlackstarI Can't Give Everything Away
27%
Hunky DoryThe Bewlay Brothers
27%
Hunky DorySong for Bob Dylan
27%
The Man Who Sold the WorldThe Width of a Circle
27%
Station to StationWord on a Wing
27%
Black Tie White NoiseBlack Tie White Noise
27%
LowWarszawa
27%
Aladdin SaneCracked Actor
26%
Hunky DoryEight Line Poem
26%
LodgerDJ
25%
LowAlways Crashing in the Same Car
25%
LowSpeed of Life
24%
LowBreaking Glass
24%
HeroesThe Secret Life of Arabia
24%
Scary Monsters and Super CreepsTeenage Wildlife
23%
Scary Monsters and Super CreepsUp the Hill Backwards
23%
Young AmericansAcross the Universe
22%
LodgerBoys Keep Swinging
22%
Young AmericansWin
22%
Aladdin SaneLet's Spend The Night Together
22%
Diamond DogsSweet Thing
22%
Diamond DogsCandidate
22%
Diamond DogsBig Brother
21%
LodgerLook Back in Anger
21%
TonightLoving the Alien
21%
BlackstarDollar Days
20%
LodgerFantastic Voyage
20%
BlackstarTis A Pity She Was a Whore
20%
LodgerRed Sails
20%
HeroesNeuk├Âln
20%
HeroesBlackout
19%
The Next DayValentine's Day
19%
HeroesV-2 Schneider
19%
Young AmericansFascination
19%
LowSubterraneans
19%
HeroesSons of the Silent Age
19%
LowWeeping Wall
18%
LowA New Career in a New Town
18%
Space OddityLetter to Hermione
18%
The Man Who Sold the WorldBlack Country Rock
18%
EarthlingLittle Wonder
18%
LowArt Decade
17%
Diamond DogsSweet Thing (Reprise)
17%
Space OddityCygnet Committee
17%
Hunky DoryFill Your Heart
17%
The Next DayWhere Are We Now?
16%
The Man Who Sold the WorldAll the Madmen
16%
Diamond DogsRock 'n' Roll With me
16%
Never Let Me DownGlass Spider
16%
LodgerYassassin
16%
LowWhat in the World
15%
Let's DanceCat People (Putting Out Fire)
15%
HeroesMoss Garden
15%
HeroesSense of Doubt
15%
Diamond DogsFuture Legend
15%
Diamond DogsWe Are The Dead
15%
Let's DanceRicochet
15%
The Man Who Sold the WorldThe Supermen
15%
Black Tie White NoiseJump They Say
15%
Space OddityJanine
15%
Space OddityMemory of a Free Festival
14%
BlackstarSue (Or in a Season of Crime)
14%
HeathenCactus
13%
Scary Monsters and Super CreepsScream Like A Baby
13%
LodgerRed Money
13%
David BowieUncle Arthur
13%
LodgerAfrican Night Flight
13%
David BowieLove You Till Tuesday
13%
Young AmericansRight
13%
Pin UpsSee Emily Play
12%
BlackstarGirl Loves Me
12%
RealityNew Killer Star
12%
Scary Monsters and Super CreepsBecause You're Young
12%
Space OddityUnwashed and Somewhat Slightly Dazed
11%
OutsideHallo Spaceboy
11%
LodgerRepetition
11%
Never Let Me DownDay-In Day-Out
10%
Pin UpsHere Comes The Night
10%
HeathenEveryone Says 'Hi
10%
TonightGod Only Knows
10%
The Next DayThe Stars (Are Out Tonight)
10%
The Man Who Sold the WorldAfter All
10%
Let's DanceCriminal World
10%
HeathenAfraid
10%
HeathenSlow Burn
10%
Pin UpsRosalyn
10%
HoursSeven
10%
David BowieSell Me A Coat
10%
HoursThursday's Child
9%
David BowiePlease Mr Grave Digger
9%
Young AmericansSomebody Up There Likes Me
9%
Space OddityGod Knows I'm Good
9%
Let's DanceShake It
9%
Black Tie White NoiseThe Wedding
9%
Space OddityWild Eyed Boy from Freecloud
9%
Never Let Me DownTime Will Crawl
9%
LodgerMove On
8%
HeathenHeathen (The Rays)
8%
HeathenSunday
8%
The Man Who Sold the WorldRunning Gun Blues
8%
Pin UpsFriday On My Mind
8%
The Man Who Sold the WorldShe Shook Me Cold
8%
Pin UpsI Can't Explain
8%
RealityLooking for Water
8%
David BowieRubber Band
7%
The Man Who Sold the WorldSaviour Machine
7%
Never Let Me DownZeroes
7%
OutsideThe Hearts Filthy Lesson
7%
Scary Monsters and Super CreepsKingdom Come
7%
RealityPablo Picasso
6%
Space OddityDon't Sit Down
6%
David BowieWe Are Hungry Men
6%
OutsideThe Motel
6%
The Next DayBoss of Me
6%
Pin UpsWhere Have All the Good Times Gone?
6%
HeathenSlip Away
6%
EarthlingDead Man Walking
6%
EarthlingBattle for Britain (The Letter)
6%
RealityBring Me The Disco King
6%
David BowieShe's Got Medals
6%
HeathenA Better Future
6%
TonightDon't Look Down
6%
Let's DanceWithout You
6%
Scary Monsters and Super CreepsIt's No Game (No. 1)
6%
Pin UpsAnyway, Anyhow, Anywhere
6%
Diamond DogsChant of the Ever Circling Skeletal Family
6%
Aladdin SaneAladdin Sane (1913-1938-197?)
6%
Scary Monsters and Super CreepsIt's No Game (No. 2)
6%
Never Let Me DownBang Bang
6%
Young AmericansCan You Hear Me?
6%
The Next DayDirty Boys
6%
Pin UpsI Wish You Would
6%
EarthlingSeven Years in Tibet
5%
Black Tie White NoiseMiracle Goodnight
5%
The Next DayYou Feel So Lonely You Could Die
5%
The Next Day(You Will) Set The World on Fire
5%
EarthlingLooking for Satellites
5%
The Next DayHow Does the Grass Grow?
5%
The Next DayDancing Out In Space
5%
HoursSurvive
5%
OutsideStrangers When We Meet
5%
Black Tie White NoisePallas Athena
5%
David BowieWhen I Live My Dream
5%
Space OddityAn Occasional Dream
5%
OutsideI Have Not Been to Oxford Town
5%
RealityFall Dog Bombs the Moon
5%
David BowieSilly Boy Blue
5%
RealityDays
5%
OutsideI'm Deranged
5%
Aladdin SaneThe Prettiest Stars
4%
The Next DayI'd Rather Be High
4%
RealityThe Loneliest Guy
4%
TonightTumble and Twirl
4%
RealityNever Get Old
4%
David BowieThere Is A Happy Land
4%
Black Tie White NoiseNite Flights
4%
Black Tie White NoiseThe Wedding Song
4%
Pin UpsEverything's Alright
4%
David BowieMaid of Bond Street
4%
HeathenI Took A Trip on a Gemini Spaceship
3%
HeathenI've Been Waiting For You
3%
Heathen5:15 The Angels Have Gone
3%
OutsideLeon Takes Us Outside
3%
HoursThe Pretty Things Are Going to Hell
3%
Pin UpsDon't Bring Me Down
3%
David BowieLittle Bombardier
3%
Never Let Me Down87 And Cry
3%
TonightDancing with the Big Boys
3%
RealityTry Some, Buy Some
2%
David BowieJoin the Gang
2%
The Next DayIf You Can See Me
2%
Pin UpsShapes of Things
2%
OutsideNo Control
2%
HeathenI Would Be Your Slave
2%
HoursThe Dreamers
2%
HoursIf I'm Dreaming My Life
2%
EarthlingLaw (Earthlings on Fire)
2%
EarthlingTelling Lies
2%
Outside(Segue) - Nathan Adler
2%
OutsideWe Prick You
2%
Outside(Segue) - Algeria Touchshriek
2%
Outside(Segue) - Baby Grace (A Horrid Cassette)
2%
Black Tie White NoiseI Know It's Gonna Happen Someday
2%
Black Tie White NoiseLooking For Lester
2%
Black Tie White NoiseI Feel Free
2%
Never Let Me DownNew York's In Love
2%
Never Let Me DownBeat Of Your Drum
2%
TonightNeighbourhood Threat
2%
David BowieCome and Buy My Toys
2%
OutsideThru' These Architects Eyes
1%
HoursBrilliant Adventure
1%
HoursWhat's Really Happening?
1%
HoursSomething in the Air
1%
EarthlingThe Last Thing You Should Do
1%
OutsideThe Voyeur of Utter Destruction (as Beauty)
1%
Black Tie White NoiseYou've Been Around
1%
TonightI Keep Forgettin
1%
Outside(Segue) - Ramona A. Stone/I Am With Name
1%
The Next DayLove Is Lot
0%
RealityShe'll Drive the Big Car
0%
HoursNew Angels of Promise
0%
OutsideWishful Beginnings
0%
OutsideA Small Plot of Land
0%
Never Let Me DownToo Dizzy
0%
Never Let Me DownShining Star (Makin' My Love)
0%

Score Distribution

Percentile by Number Answered

Percent of People with Each Score

Your Score History

You have not taken this quiz